| 000 | 00486nam a2200157 a 4500 | ||
|---|---|---|---|
| 001 | 000035126 | ||
| 005 | 20200930074124.0 | ||
| 008 | 111025s1909 sp 000 0 spa d | ||
| 040 |
_aDO-SdBNP _bspa _cBNPHU |
||
| 082 |
_axxxx _bZ23p |
||
| 100 | 1 |
_aZamacois, Eduardo _960815 |
|
| 245 | 1 | 3 |
_aEl pasado vuelve : _bcomedia en un acto / _cEduardo Zamacois. |
| 260 |
_aMadrid : _bR. Velasco, _c1909. |
||
| 300 |
_a26 p. ; _c20 cm. |
||
| 500 | _aEstrenada en el Teatro Romea el 30 de enero de 1909. | ||
| 999 |
_c34617 _d34617 |
||